मध्यकालीन हिन्दी साहित्य की आधुनिकता और लोेकजागरण (Record no. 1850771)
[ view plain ]
| 000 -LEADER | |
|---|---|
| fixed length control field | 00737nam a2200229Ia 4500 |
| 005 - DATE AND TIME OF LATEST TRANSACTION | |
| control field | 20260430150803.0 |
| 008 - FIXED-LENGTH DATA ELEMENTS--GENERAL INFORMATION | |
| fixed length control field | 008 250103s9999 xx 000 0 hin d |
| 037 ## - SOURCE OF ACQUISITION | |
| Stock number | Theses |
| 040 ## - CATALOGING SOURCE | |
| Original cataloging agency | CRL |
| 040 ## - CATALOGING SOURCE | |
| Language of cataloging | hin |
| 040 ## - CATALOGING SOURCE | |
| Transcribing agency | hin |
| 041 ## - LANGUAGE CODE | |
| Source of code | hin |
| 041 ## - LANGUAGE CODE | |
| Language code of text/sound track or separate title | hin |
| 084 ## - COLON CLASSIFICATION NUMBER | |
| Assigning agency | CRL |
| 100 ## - MAIN ENTRY--PERSONAL NAME | |
| Personal name | अनुराग सिंह, ले. |
| 9 (RLIN) | 868809 |
| 245 #0 - TITLE STATEMENT | |
| Title | मध्यकालीन हिन्दी साहित्य की आधुनिकता और लोेकजागरण |
| 260 ## - PUBLICATION, DISTRIBUTION, ETC. | |
| Date of publication, distribution, etc. | 2023 |
| 300 ## - PHYSICAL DESCRIPTION | |
| Extent | 291पृ0 |
| 700 ## - ADDED ENTRY--PERSONAL NAME | |
| Personal name | दिल्ली विश्वविद्यालय. कला संकाय. हिन्दी विभाग |
| 942 ## - ADDED ENTRY ELEMENTS (KOHA) | |
| Koha item type | Thesis |
| Withdrawn status | Lost status | Damaged status | Not for loan | Home library | Current library | Date acquired | Total Checkouts | Barcode | Date last seen | Price effective from | Koha item type |
|---|---|---|---|---|---|---|---|---|---|---|---|
| Central Library | Central Library | 2026-04-30 | TH0026689 | 2026-04-30 | 2026-04-30 | Thesis |
